000 00812nam a2200265 a 4500
001 61020
003 BD-RjUL
005 20211209080919.0
008 170114s1988 enka b 001 0 eng
020 _a0415004292
035 _a(BD-RjUL)61144
040 _aDLC
_cDLC
_dBD-RjUL
_beng
041 _aeng
082 0 0 _a657.091717
_223
_bACC 1988
245 1 0 _aAccounting in socialist countries /
_cedited by Derek T. Bailey.
260 _aNew York :
_bRoutledge,
_c1988.
300 _a184 p. :
_bill. ;
_c23 cm.
490 1 _a[International accounting series]
500 _aInclude index
650 0 _aAccounting
_zCommunist countries.
_9182062
700 1 _aBailey, Derek T.
_9182063
830 0 _aSeries on international accounting and finance.
_9218278
942 _2ddc
_cBK
999 _c61020
_d61020